000 01016nam a2200241 i 4500
001 45303
003 ES-MaACL
005 20250905141118.0
007 t|
008 030325s1876 sp ||||1| spa d
100 1 _aCock, Hendrik.
_939404
245 1 0 _aRelación del viaje hecho por Felipe II en 1585 a Zaragoza, Barcelona y Valencia /
_cescrita por Hendrik Cock ; y publicada por Alfred Morel-Fatio y Antonio Rodríguez Villa.
260 _aMadrid :
_bAribau y Cª,
_c1876.
300 _aXVII, 314 p. ;
_c24 cm.
600 0 7 _aFelipe
_bII,
_cRey de España-
_xViajes
_2
_9160902
651 4 _aZaragoza (Provincia)-
_xDescripción-
_vObras anteriores a 1800.
_9160903
651 4 _aBarcelona (Provincia)-
_xDescripción-
_vObras anteriores a 1800.
_9160904
651 4 _aValencia (Provincia)-
_xDescripción-
_vObras anteriores a 1800.
_9160905
700 1 _aMorel-Fatio, Alfred.
_983243
700 1 _aRodríguez Villa, Antonio,
_d1843-1912
_998860
852 _aES-MaACL
_jB-4841
999 _c45303
_d45303